Southville International School and Colleges

Evangelines Genvordigheder : (Record no. 262887)

000 -LEADER
fixed length control field 00758cam a22002533a 4500
001 - CONTROL NUMBER
control field 33632
003 - CONTROL NUMBER IDENTIFIER
control field PGUSA
005 - DATE AND TIME OF LATEST TRANSACTION
control field 20140828083728.0
008 - FIXED-LENGTH DATA ELEMENTS--GENERAL INFORMATION
fixed length control field 100904s2010||||xxu|||||s|||||000 1 eng d
040 ## - CATALOGING SOURCE
Original cataloging agency PGUSA
Language of cataloging eng
042 ## - AUTHENTICATION CODE
Authentication code dc
050 #4 - LIBRARY OF CONGRESS CALL NUMBER
Classification number PR
100 1# - MAIN ENTRY--PERSONAL NAME
Personal name Glyn, Elinor,
Dates associated with a name 1864-1943
245 10 - TITLE STATEMENT
Title Evangelines Genvordigheder :
Remainder of title Til Kvinder med rødt Haar
Medium [electronic resource] /
Statement of responsibility, etc Elinor Glyn
260 ## - PUBLICATION, DISTRIBUTION, ETC. (IMPRINT)
Name of publisher, distributor, etc Project Gutenberg,
Date of publication, distribution, etc 2010
500 ## - GENERAL NOTE
General note Translation of: The Vicissitudes of Evangeline.
506 ## - RESTRICTIONS ON ACCESS NOTE
Terms governing access Public domain in the USA.
516 ## - TYPE OF COMPUTER FILE OR DATA NOTE
Type of computer file or data note Electronic text
653 ## - INDEX TERM--UNCONTROLLED
Uncontrolled term Young women -- Fiction
700 1# - ADDED ENTRY--PERSONAL NAME
Personal name Magnussen, Hedvig
830 #0 - SERIES ADDED ENTRY--UNIFORM TITLE
Uniform title Project Gutenberg
Volume number/sequential designation 33632
856 40 - ELECTRONIC LOCATION AND ACCESS
Uniform Resource Identifier http://www.gutenberg.org/ebooks/33632
942 ## - ADDED ENTRY ELEMENTS (KOHA)
Koha item type eBooks
Holdings
Current Location Lost status Koha item type Damaged status Price effective from Date acquired Date last seen Withdrawn status Permanent Location
Project Gutenberg eBooks 2014-08-282014-08-282014-08-28 Project Gutenberg
Powered by Koha